Kết cấu bê tông cốt thép : Phần kết cấu nhà cửa /
Nguyên lý thiết kế kết cấu bê tông cốt thép. Kết cấu mái bê tông cốt thép. Kết cấu khung bê tông cốt thép. Kết cấu nhà một tầng lắp ghép. Kết cấu móng bê tông cốt thép. Kết cấu nhà nhiều tầng.
Na minha lista:
| Outros Autores: | , , , |
|---|---|
| Formato: | Livro |
| Idioma: | Vietnamese |
| Publicado em: |
Hà Nội :
Khoa học và kỹ thuật,
2005.
|
| Edição: | Tái bản có sửa chữa. |
| Assuntos: | |
| Tags: |
Adicionar Tag
Sem tags, seja o primeiro a adicionar uma tag!
|
| Thư viện lưu trữ: | Mạng thư viện Đại học Đà Nẵng |
|---|
| LEADER | 02698cam a2200505 a 4500 | ||
|---|---|---|---|
| 001 | 000043678 | ||
| 003 | 1710 | ||
| 005 | 20221007144029.0 | ||
| 008 | 010217b2005 vm 000 vie | ||
| 020 | |c 39500 | ||
| 040 | |a LRCC |c LRCC |d LRCC | ||
| 041 | 0 | |a vie | |
| 082 | 1 | 4 | |a 620.137 |b Kê-C |
| 245 | 0 | 0 | |a Kết cấu bê tông cốt thép : |b Phần kết cấu nhà cửa / |c Ngô Thế Phong, Lý Trần Cường, Trịnh Thanh Đạm, Nguyễn Lê Ninh. |
| 246 | 0 | 4 | |a Kết cấu bê tông cốt thép 2 : |b Phần kết cấu nhà cửa. |
| 250 | |a Tái bản có sửa chữa. | ||
| 264 | 1 | |a Hà Nội : |b Khoa học và kỹ thuật, |c 2005. | |
| 300 | |a 315 tr. : |b mh. ; |c 24 cm. | ||
| 500 | |a Giáo trình dùng cho sinh viên ngành xây dựng. | ||
| 520 | 3 | |a Nguyên lý thiết kế kết cấu bê tông cốt thép. Kết cấu mái bê tông cốt thép. Kết cấu khung bê tông cốt thép. Kết cấu nhà một tầng lắp ghép. Kết cấu móng bê tông cốt thép. Kết cấu nhà nhiều tầng. | |
| 526 | 0 | |a Kỹ thuật xây dựng | |
| 630 | 0 | 4 | |a Bê tông cốt thép. |
| 650 | 0 | 4 | |a Bê tông cốt thép. |
| 650 | 0 | 4 | |a Nhà dân dụng |x Kết cấu |x Bê tông cốt thép. |
| 650 | 0 | 4 | |a Nhà công nghiệp |x Kết cấu |x Bê tông cốt thép. |
| 700 | 1 | |a Ngô Thế Phong, |c GS. TS, |e chủ biên. | |
| 700 | 1 | |a Lý Trần Cường, |c PGS. TS. | |
| 700 | 1 | |a Trịnh Thanh Đạm, |c TS. | |
| 700 | 1 | |a Nguyễn Lê Ninh,PGS. TS. | |
| 910 | |a NTMHA | ||
| 911 | |a DUT | ||
| OWN | |a DUT | ||
| AVA | |a UDN50 |b DUT |c Book |d 620.137 Kê-C |e check_holdings |t Error 5003 Not defined in file expand_doc_bib_avail. |h N |j SH |k 1 | ||
| Z40 | 3 | |y Kết cấu bê tông cốt thép. Phần 1: Kết cấu nhà cửa |l Library of DUT |t VIEW |x http://catalog.udn.vn:80/F?func=service&doc_library=UDN01&local_base=UDN01&doc_number=000043678&sequence=000001&line_number=0001&func_code=DB_RECORDS&service_type=MEDIA |f 8.SA.43678_000019290.pdf |e pdf |s 076457743 |k 20221007 |m NTMHA | |
| 999 | |a From the UDN01 | ||
| AVA | |a UDN50 |b DUT |c Book |d 620.137 Kê-C |e available |t Error 5001 Not defined in file expand_doc_bib_avail. |f 147 |g 6 |h N |i 28 |j SH |k 1 | ||
| TYP | |a Monograph | ||
| TYP | |a Printed language | ||
| 856 | |y Kết cấu bê tông cốt thép. Phần 1: Kết cấu nhà cửa |l Library of DUT |t VIEW |x http://catalog.udn.vn:80/F?func=service&doc_library=UDN01&local_base=UDN01&doc_number=000043678&sequence=000001&line_number=0001&func_code=DB_RECORDS&service_type=MEDIA |f 8.SA.43678_000019290.pdf |e pdf |s 076457743 |k 20221007 |m NTMHA | ||
| 980 | |a Mạng thư viện Đại học Đà Nẵng | ||